Jilha parishad karmachari bharati guide (Record no. 822431)

MARC details
000 -LEADER
fixed length control field 00599nam a2200217Ia 4500
008 - FIXED-LENGTH DATA ELEMENTS--GENERAL INFORMATION
fixed length control field 101110s9999 xx 000 0 und d
041 ## - LANGUAGE CODE
Language code of text/sound track or separate title MARATHI
082 ## - DEWEY DECIMAL CLASSIFICATION NUMBER
Item number SR29923
100 ## - MAIN ENTRY--PERSONAL NAME
Personal name Kove Ganesh Ed.
245 ## - TITLE STATEMENT
Title Jilha parishad karmachari bharati guide
260 ## - PUBLICATION, DISTRIBUTION, ETC. (IMPRINT)
Date of publication, distribution, etc 0
Name of publisher, distributor, etc Nakshatra Prakashan, Aurangabad
300 ## - PHYSICAL DESCRIPTION
Extent 287
365 ## - TRADE PRICE
Price amount 110
520 ## - SUMMARY, ETC.
Summary, etc Competative Exams.
546 ## - LANGUAGE NOTE
Language note MARATHI
630 ## - SUBJECT ADDED ENTRY--UNIFORM TITLE
Uniform title Jilha parishad karmachari bharati guide
650 ## - SUBJECT ADDED ENTRY--TOPICAL TERM
Topical term or geographic name as entry element Competative Exams.
655 ## - INDEX TERM--GENRE/FORM
Genre/form data or focus term Competative Exams.
730 ## - ADDED ENTRY--UNIFORM TITLE
Uniform title Jilha parishad karmachari bharati guide
942 ## - ADDED ENTRY ELEMENTS (KOHA)
Koha item type Book
Holdings
Withdrawn status Lost status Damaged status Not for loan Home library Current library Shelving location Date acquired Source of acquisition Cost, normal purchase price Shelving control number Total Checkouts Barcode Date last seen Price effective from Koha item type
        D. B. J. College, Chiplun D. B. J. College, Chiplun     Nakshtra prakashan,Aurangabad,bill no.380 dt.25/08/07 110.00     DBJSR29923 11/11/2010 11/11/2010 Book